| 000 | 00543nam a2200181Ia 4500 | ||
|---|---|---|---|
| 008 | 131103s9999 xx 000 0 und d | ||
| 040 | _aLoreto College | ||
| 041 | _aEnglish | ||
| 082 |
_a942/INN _bLCLIB/ |
||
| 100 | _aInnes, A D | ||
| 245 | 2 |
_aA history of the British nation _b From the earliest times to the present day _cA D Innes |
|
| 260 |
_aLondon _bT C & E C Jack _c1912 |
||
| 300 |
_axxxi,980p. _b ill., plates, maps _c 24cm. |
||
| 504 | _aIncludes index | ||
| 650 | _aEngland - History | ||
| 850 | _aLCLIB/944/INN | ||
| 942 | _cBK | ||
| 999 |
_c25120 _d75599 |
||